[Event "New York 1000 GM Spring GM-A"]
[Site "New York"]
[Date "2024.03.28"]
[Round "3"]
[White "Mardov, Dimitar"]
[Black "Ostrovskiy, Aleksandr A"]
[Result "1/2-1/2"]
[WhiteElo "2473"]
[BlackElo "2411"]
[PlyCount "53"]
[EventDate "2024.03.27"]
[EventType "tourn"]
[EventRounds "9"]
[EventCountry "USA"]
[EventCategory "8"]
[SourceTitle "CB14_2024"]
[SourceDate "2024.04.01"]
[SourceVersion "1"]
[SourceVersionDate "2024.04.01"]
[SourceQuality "1"]

1. d4 d5 2. Nf3 Nf6 3. c4 e6 4. Nc3 Nbd7 5. cxd5 exd5 6. Bg5 c6 7. e3 h6 8. Bh4 Be7 9. Bd3 Ne4 10. Bxe7 Qxe7 11. 0-0 0-0 12. Qc2 Re8 13. Rab1 a5 14. h3 Ndf6 15. Ne5 Nd6 16. Rbe1 Be6 17. f3 Rad8 18. Ne2 Nd7 19. Nf4 Qf6 20. Qc3 Bf5 21. e4 Bh7 22. Nxd5 cxd5 23. Nxd7 Rxd7 24. e5 Qd8 25. exd6 Rxe1 26. Rxe1 Bxd3 27. Qxd3 1/2-1/2

[Event "Titled Tuesday intern op 27th Feb Late"]
[Site "Chess.com INT"]
[Date "2024.02.27"]
[Round "7"]
[White "Mardov, Dimitar"]
[Black "Yagupov, Igor"]
[Result "1-0"]
[WhiteElo "2457"]
[BlackElo "2290"]
[PlyCount "111"]
[EventDate "2024.02.27"]
[EventType "swiss (blitz)"]
[EventRounds "11"]
[EventCountry "USA"]
[SourceTitle "CB10_2024"]
[SourceDate "2024.03.06"]
[SourceVersion "1"]
[SourceVersionDate "2024.03.06"]
[SourceQuality "1"]

1. Nh3 d5 2. c4 d4 3. g3 e5 4. Bg2 c5 5. f4 e4 6. Nf2 f5 7. e3 d3 8. g4 Nc6 9. gxf5 Bxf5 10. Bxe4 Bxe4 11. Nxe4 Qh4+ 12. Ng3 Nf6 13. Nc3 0-0-0 14. Qf3 Bd6 15. 0-0 Ng4 16. Qg2 Rhf8 17. Nce4 Be7 18. b3 g5 19. f5 Nf6 20. Bb2 h5 21. Nxf6 Bxf6 22. Bxf6 Rxf6 23. Ne4 Rff8 24. Nxc5 g4 25. Ne6 Ne5 26. Qg3 Qf6 27. Nxd8 Rxd8 28. Kh1 Nf3 29. Rad1 Qxf5 30. Qf4 Qxf4 31. exf4 Rf8 32. Kg2 Rxf4 33. h3 Kd7 34. hxg4 hxg4 35. Kg3 Re4 36. Rh1 a5 37. Rh5 b6 38. Rd5+ Kc6 39. Rxd3 Kc5 40. Re3 Rd4 41. d3 Rd6 42. Kxg4 Nd4 43. Re5+ Kb4 44. Rd5 Rxd5 45. cxd5 Kc5 46. Kf4 Kxd5 47. Ke3 b5 48. Rh1 Nc2+ 49. Kd2 Nb4 50. Rh5+ Kc6 51. a3 Nd5 52. d4 b4 53. axb4 axb4 54. Re5 Kd6 55. Kd3 Kc6 56. Kc4 1-0

[Event "Titled Tuesday intern op 06th Feb Late"]
[Site "Chess.com INT"]
[Date "2024.02.06"]
[Round "2"]
[White "Mardov, Dimitar"]
[Black "Pham, Le Thao Nguyen"]
[Result "1/2-1/2"]
[WhiteElo "2457"]
[BlackElo "2395"]
[PlyCount "180"]
[EventDate "2024.02.06"]
[EventType "swiss (blitz)"]
[EventRounds "11"]
[EventCountry "USA"]
[SourceTitle "CB07_2024"]
[SourceDate "2024.02.14"]
[SourceVersion "1"]
[SourceVersionDate "2024.02.14"]
[SourceQuality "1"]

1. Nf3 d5 2. e3 c6 3. c4 Nf6 4. Nc3 a6 5. b3 Bg4 6. Bb2 e6 7. Be2 Nbd7 8. 0-0 Bd6 9. d4 Qb8 10. h3 Bh5 11. Rc1 0-0 12. Qc2 b5 13. Rfe1 Rc8 14. Nd2 Bg6 15. Bd3 Bxd3 16. Qxd3 bxc4 17. Qc2 cxb3 18. Nxb3 c5 19. dxc5 Nxc5 20. Nxc5 Rxc5 21. Ba3 Rc4 22. Bxd6 Qxd6 23. Qd2 Rac8 24. Ne2 h6 25. Qb2 Qd7 26. Nd4 Ne4 27. Rxc4 dxc4 28. Qc2 f5 29. Rb1 e5 30. Nf3 Qe6 31. Rb7 c3 32. a3 Qd5 33. Re7 Rd8 34. Kh2 Nd2 35. Qxf5 Nxf3+ 36. gxf3 e4 37. Re5 Qd6 38. Qxe4 Re8 39. f4 Rxe5 40. fxe5 Qd2 41. Qc4+ Kh7 42. Qe4+ Kg8 43. Qc4+ Kh8 44. Qc8+ Kh7 45. Qf5+ Kh8 46. Qc8+ Kh7 47. Qf5+ Kh8 48. e6 c2 49. e7 Qd6+ 50. Kg2 Qxe7 51. Qxc2 Qxa3 52. Qc8+ Kh7 53. Qf5+ Kh8 54. e4 a5 55. Qc8+ Kh7 56. Qf5+ Kh8 57. e5 Qc5 58. Qe4 Qa7 59. e6 Qe7 60. Qd5 a4 61. f4 a3 62. f5 Qg5+ 63. Kf3 Qh5+ 64. Ke4 Qe2+ 65. Kf4 Qf2+ 66. Ke5 Qg3+ 67. Kd4 Qf2+ 68. Kc4 Qa2+ 69. Kc5 Qxd5+ 70. Kxd5 a2 71. e7 a1Q 72. e8Q+ Kh7 73. Qg6+ Kh8 74. h4 Qa4 75. h5 Qb5+ 76. Ke4 Qe2+ 77. Kd5 Qb5+ 78. Ke6 Qc6+ 79. Ke7 Qc7+ 80. Ke6 Qc6+ 81. Ke5 Qc5+ 82. Kf4 Qf2+ 83. Ke4 Qe2+ 84. Kd4 Qd2+ 85. Kc5 Qa5+ 86. Kc6 Qa6+ 87. Kc7 Qa7+ 88. Kd8 Qb8+ 89. Ke7 Qc7+ 90. Ke6 Qc6+ 1/2-1/2

[Event "New York 1000 GM Winter GM-A"]
[Site "New York"]
[Date "2024.01.14"]
[Round "6"]
[White "Mardov, Dimitar"]
[Black "Huston, Gus"]
[Result "1/2-1/2"]
[WhiteElo "2453"]
[BlackElo "2428"]
[PlyCount "82"]
[EventDate "2024.01.11"]
[EventType "tourn"]
[EventRounds "9"]
[EventCountry "USA"]
[EventCategory "8"]
[SourceTitle "CB04_2024"]
[SourceDate "2023.10.16"]
[SourceVersion "1"]
[SourceVersionDate "2023.10.16"]
[SourceQuality "1"]

1. e4 e5 2. Nf3 Nc6 3. Bc4 Bc5 4. 0-0 Nf6 5. d3 d6 6. c3 a6 7. a4 Ba7 8. Re1 0-0 9. h3 Ne7 10. Nbd2 Ng6 11. Nf1 Be6 12. Bxe6 fxe6 13. Ng3 Nd7 14. d4 Qf6 15. Bg5 Qf7 16. Be3 h6 17. Qb3 Nf4 18. Bxf4 exf4 19. Nf1 Rab8 20. N1d2 e5 21. Kf1 g5 22. dxe5 Nxe5 23. Nxe5 dxe5 24. Qxf7+ Kxf7 25. Rad1 Ke6 26. Ke2 Rfd8 27. Nc4 Bc5 28. Na5 Be7 29. Rxd8 Bxd8 30. Rd1 c6 31. Nb3 b6 32. Nd2 Bc7 33. Nb3 Bd6 34. Nd2 Rg8 35. b4 Ra8 36. Nc4 Bc7 37. Ra1 Rf8 38. Ra2 h5 39. Ra1 Rf7 40. Nb2 Bd6 41. Nc4 Bc7 1/2-1/2

[Event "New York 1000 GM Winter GM-A"]
[Site "New York"]
[Date "2024.01.12"]
[Round "2"]
[White "Hardaway, Brewington"]
[Black "Mardov, Dimitar"]
[Result "1-0"]
[WhiteElo "2427"]
[BlackElo "2453"]
[PlyCount "243"]
[EventDate "2024.01.11"]
[EventType "tourn"]
[EventRounds "9"]
[EventCountry "USA"]
[EventCategory "8"]
[SourceTitle "CB04_2024"]
[SourceDate "2023.10.16"]
[SourceVersion "1"]
[SourceVersionDate "2023.10.16"]
[SourceQuality "1"]

1. e4 e5 2. Nf3 Nc6 3. Bb5 a6 4. Ba4 Nf6 5. 0-0 Be7 6. d3 b5 7. Bb3 d6 8. a4 Bd7 9. c3 Na5 10. Bc2 c5 11. Re1 0-0 12. Nbd2 Re8 13. h3 h6 14. Nf1 Bf8 15. d4 cxd4 16. cxd4 exd4 17. axb5 axb5 18. Nxd4 Qc7 19. Ng3 Rac8 20. Bf4 Nc4 21. b3 Ne5 22. Rc1 g6 23. Be3 Qb8 24. Qd2 Kh7 25. f4 Nc6 26. Nxc6 Bxc6 27. Bd4 Bg7 28. Rcd1 Qb7 29. e5 dxe5 30. fxe5 Nd7 31. e6 Nf6 32. Qf2 Bxg2 33. Bxf6 Bxf6 34. Rd7 Rc7 35. Rxc7 Qxc7 36. Kxg2 Kg7 37. Bd3 Qc6+ 38. Qf3 Qa6 39. Qg4 Qc6+ 40. Be4 Qxe6 41. Nh5+ Kf8 42. Qxe6 Rxe6 43. Nxf6 Rxf6 44. Bd3 b4 45. Re4 Rb6 46. Kf3 f5 47. Re5 Kf7 48. h4 Kf6 49. Rd5 Rc6 50. Bc4 g5 51. h5 Re6 52. Rd4 Rc6 53. Ke3 Rb6 54. Rd7 Rc6 55. Rb7 Rd6 56. Rxb4 g4 57. Rb5 Kg5 58. Bd3 Kxh5 59. Rxf5+ Kh4 60. Rf1 Rb6 61. Kf4 Kh3 62. Be4 Rf6+ 63. Bf5 Kg2 64. Rb1 g3 65. b4 Kh2 66. Ke5 Rb6 67. Be4 g2 68. Rb2 Rxb4 69. Rxg2+ Kh3 70. Rg6 Rb8 71. Kf4 Rf8+ 72. Bf5+ Kh2 73. Ra6 Kg2 74. Ra2+ Kf1 75. Ke4 h5 76. Bd7 h4 77. Ke3 Kg1 78. Ra4 Rf7 79. Rg4+ Kh2 80. Rxh4+ Kg3 81. Rg4+ Kh2 82. Be6 Rf6 83. Bd5 Kh3 84. Rg7 Kh4 85. Bf3 Ra6 86. Rg4+ Kh3 87. Rg5 Kh4 88. Rg1 Rb6 89. Rg8 Ra6 90. Be2 Rf6 91. Rg4+ Kh3 92. Bf3 Ra6 93. Rg1 Kh4 94. Ke4 Rf6 95. Bg4 Ra6 96. Bd7 Kh5 97. Kf5 Kh4 98. Kf4 Kh5 99. Rg8 Kh6 100. Bf5 Rb6 101. Ke5 Kh5 102. Be6 Kh4 103. Rg4+ Kh5 104. Rg1 Kh4 105. Kf6 Rb4 106. Rg8 Ra4 107. Bd7 Rb4 108. Rg7 Rc4 109. Bf5 Rb4 110. Ke5 Kh5 111. Be4 Kh6 112. Rg6+ Kh5 113. Rg1 Kh6 114. Rg2 Ra4 115. Bd3 Rb4 116. Rg6+ Kh5 117. Kf5 Kh4 118. Be4 Kh5 119. Ra6 Rc4 120. Kf4 Rb4 121. Ra1 Kh6 122. Ra7 1-0

[Event "Charlotte CCCSA Fall GM-A"]
[Site "Charlotte"]
[Date "2023.11.19"]
[Round "5"]
[White "Woodward, Andy"]
[Black "Mardov, Dimitar"]
[Result "1-0"]
[WhiteElo "2473"]
[BlackElo "2455"]
[PlyCount "79"]
[EventDate "2023.11.17"]
[EventType "tourn"]
[EventRounds "9"]
[EventCountry "USA"]
[EventCategory "8"]
[SourceTitle "CB48_2023"]
[SourceDate "2023.11.29"]
[SourceVersion "1"]
[SourceVersionDate "2023.11.29"]
[SourceQuality "1"]

1. d4 Nf6 2. c4 e6 3. g3 d5 4. Nf3 Bb4+ 5. Bd2 Be7 6. Bg2 0-0 7. 0-0 c6 8. Qc2 Nbd7 9. Bf4 a5 10. Rc1 h6 11. h4 a4 12. Nbd2 c5 13. e4 dxe4 14. Nxe4 cxd4 15. Rd1 Nh5 16. Bd6 Bxd6 17. Nxd6 e5 18. Qe2 Qb6 19. Nb5 Qc5 20. Re1 Re8 21. Nfxd4 Ndf6 22. b4 Qxb4 23. Nc7 Bg4 24. Nf3 e4 25. Nxe8 Rxe8 26. Qd2 Qxc4 27. Qd4 Qa6 28. Nd2 Be6 29. Nxe4 Nxe4 30. Qxe4 b6 31. Qb4 Rc8 32. a3 Nf6 33. Rac1 Rxc1 34. Rxc1 Bb3 35. Qd6 Qa5 36. Bf1 Nd5 37. Rc8+ Kh7 38. Bd3+ g6 39. Qf8 Qe1+ 40. Bf1 1-0

[Event "Charlotte CCCSA Fall GM-A"]
[Site "Charlotte"]
[Date "2023.11.17"]
[Round "2"]
[White "Mardov, Dimitar"]
[Black "Corrales Jimenez, Fidel"]
[Result "1/2-1/2"]
[WhiteElo "2455"]
[BlackElo "2525"]
[PlyCount "44"]
[EventDate "2023.11.17"]
[EventType "tourn"]
[EventRounds "9"]
[EventCountry "USA"]
[EventCategory "8"]
[SourceTitle "CB48_2023"]
[SourceDate "2023.11.29"]
[SourceVersion "1"]
[SourceVersionDate "2023.11.29"]
[SourceQuality "1"]

1. d4 Nf6 2. c4 g6 3. Nc3 d5 4. Bf4 Bg7 5. e3 0-0 6. Rc1 c6 7. Nf3 Ne4 8. cxd5 cxd5 9. Qb3 Nxc3 10. Rxc3 Nc6 11. Rc5 e6 12. Be2 Qb6 13. Qc3 Bd7 14. 0-0 Rfc8 15. Qd2 a6 16. Rfc1 Bf8 17. R5c2 f6 18. a3 Na5 19. Rxc8 Rxc8 20. Rxc8 Bxc8 21. Qc3 Nc6 22. h4 Bd7 1/2-1/2

[Event "Titled Tuesday intern op 27th Jun Early"]
[Site "Chess.com INT"]
[Date "2023.06.27"]
[Round "8"]
[White "Atakhan, Abtin"]
[Black "Mardov, Dimitar"]
[Result "1-0"]
[WhiteElo "2414"]
[BlackElo "2461"]
[PlyCount "77"]
[EventDate "2023.06.27"]
[EventType "swiss (blitz)"]
[EventRounds "11"]
[EventCountry "USA"]
[SourceTitle "EXT 2024"]
[Source "ChessBase"]
[SourceDate "2023.10.10"]
[SourceVersion "1"]
[SourceVersionDate "2023.10.10"]
[SourceQuality "1"]

1. Nf3 d5 2. g3 Nf6 3. Bg2 Bg4 4. c4 e6 5. Qb3 Bxf3 6. Bxf3 b6 7. Nc3 c6 8. d4 Nbd7 9. 0-0 Be7 10. e4 dxc4 11. Qxc4 Rc8 12. Bf4 0-0 13. Qa6 Ra8 14. Rac1 Qc8 15. Qe2 Qb7 16. d5 e5 17. Bg5 Rac8 18. Rfd1 cxd5 19. exd5 Bd6 20. Nb5 Qb8 21. Rc6 Bc5 22. a3 e4 23. Bg2 a6 24. Nc3 Rce8 25. b4 Bd6 26. Qxa6 Be5 27. Nxe4 Nxe4 28. Bxe4 Bxg3 29. Bxh7+ Kxh7 30. hxg3 Ne5 31. Bf4 Qd8 32. Bxe5 Rxe5 33. Qxb6 Qg5 34. Qd4 Kg8 35. Kg2 Rfe8 36. Rdc1 Re4 37. Qd3 Re2 38. Rc8 g6 39. Qxe2 1-0

[Event "Titled Tuesday intern op 27th Jun Early"]
[Site "Chess.com INT"]
[Date "2023.06.27"]
[Round "5"]
[White "Mardov, Dimitar"]
[Black "Tabatabaei, Mohammad Amin"]
[Result "1/2-1/2"]
[WhiteElo "2461"]
[BlackElo "2683"]
[PlyCount "218"]
[EventDate "2023.06.27"]
[EventType "swiss (blitz)"]
[EventRounds "11"]
[EventCountry "USA"]
[SourceTitle "EXT 2024"]
[Source "ChessBase"]
[SourceDate "2023.10.10"]
[SourceVersion "1"]
[SourceVersionDate "2023.10.10"]
[SourceQuality "1"]

1. d4 Nf6 2. c4 g6 3. Nc3 d5 4. cxd5 Nxd5 5. e4 Nxc3 6. bxc3 Bg7 7. Nf3 c5 8. h3 0-0 9. Be2 b6 10. Be3 Bb7 11. Qd3 e6 12. 0-0 Nd7 13. d5 c4 14. Qd2 exd5 15. exd5 Nf6 16. Bxc4 Rc8 17. Bb3 Ne4 18. Qd3 Nxc3 19. Rac1 Qd7 20. Bd4 Bxd4 21. Nxd4 Nxd5 22. Rcd1 Nf4 23. Qg3 Qc7 24. Kh2 Nxg2 25. Nb5 Qxg3+ 26. Kxg3 Rcd8 27. Nd6 Ba8 28. Nxf7 Rxd1 29. Rxd1 Kg7 30. Rd7 Kf6 31. Rxa7 g5 32. Nh6 Nf4 33. Ng4+ Kf5 34. Rxh7 Rc8 35. Rf7+ Ke4 36. Re7+ Kd4 37. Rd7+ Kc3 38. Ne5 Rh8 39. Kg4 Nxh3 40. Rd3+ Kb2 41. Rxh3 Re8 42. Nf3 Re4+ 43. Kg3 g4 44. Rh4 gxf3 45. Rxe4 Bxe4 46. Kf4 Bb7 47. Ke3 b5 48. Be6 b4 49. Bf7 Ka3 50. Kd2 Ba6 51. Kc2 Bc8 52. Kb1 Bf5+ 53. Kc1 Bd3 54. Bb3 Be4 55. Bc4 Bh7 56. Bb3 Bf5 57. Bd5 Bd7 58. Bxf3 Kxa2 59. Bd5+ Ka1 60. Bb3 Bf5 61. f4 Be4 62. Bc4 Bg6 63. Bb3 Bf5 64. Bc4 Bh7 65. Bb3 Bd3 66. Bd5 Bh7 67. Bb3 Bg6 68. Bd5 Bf5 69. Bb3 Be4 70. Be6 Bb1 71. Bb3 Ba2 72. Bd1 Be6 73. Bc2 Ka2 74. f5 Bf7 75. f6 Be6 76. Bd1 Bd5 77. Bc2 Bf7 78. Bd1 Bd5 79. Bc2 Bg8 80. Bd1 Bf7 81. Bc2 Bh5 82. Kd2 Kb2 83. Ba4 Bf7 84. Bd1 Bg6 85. Ba4 Bh5 86. Bc2 Be8 87. Bd1 Ka3 88. Bc2 Ka2 89. Bd1 Kb2 90. Bc2 Bf7 91. Ba4 Ka3 92. Bd1 Ka2 93. Bc2 Kb2 94. Ba4 Bd5 95. Bd1 Bc4 96. Bc2 Ka1 97. Ba4 Ka2 98. Bd1 Ka3 99. Bc2 Bf7 100. Bd1 Kb2 101. Bc2 b3 102. Bxb3 Kxb3 103. Ke3 Kc4 104. Ke4 Kc5 105. Kf5 Kc6 106. Kg5 Kd6 107. Kh6 Ke6 108. Kg7 Bh5 109. f7 Bxf7 1/2-1/2

[Event "Chicago op 32nd"]
[Site "Chicago"]
[Date "2023.05.27"]
[Round "5"]
[White "Nasuta, Grzegorz"]
[Black "Mardov, Dimitar"]
[Result "1/2-1/2"]
[WhiteElo "2550"]
[BlackElo "2461"]
[PlyCount "51"]
[EventDate "2023.05.25"]
[EventType "swiss"]
[EventRounds "9"]
[EventCountry "USA"]
[SourceTitle "CBM 214 Extra"]
[Source "ChessBase"]
[SourceDate "2023.07.31"]
[SourceVersion "1"]
[SourceVersionDate "2023.07.31"]
[SourceQuality "1"]

1. e4 e5 2. Nf3 Nc6 3. Bc4 Nf6 4. d3 h6 5. c3 d6 6. a4 g5 7. Qb3 Qe7 8. a5 a6 9. h3 Bg7 10. Be3 0-0 11. g4 Be6 12. h4 Nxg4 13. hxg5 Nxe3 14. fxe3 Bxc4 15. Qxc4 hxg5 16. Nbd2 Qe6 17. Nxg5 Qxc4 18. Nxc4 f6 19. Ne6 Rf7 20. d4 exd4 21. exd4 Re8 22. d5 Nd8 23. Nxd8 Rxd8 24. Ne3 Re8 25. 0-0-0 f5 26. Nxf5 1/2-1/2

[Event "Los Angeles 1000GM Spring op"]
[Site "Los Angeles"]
[Date "2023.03.20"]
[Round "7"]
[White "Mardov, Dimitar"]
[Black "Mikaelyan, Arman"]
[Result "0-1"]
[WhiteElo "2445"]
[BlackElo "2509"]
[PlyCount "86"]
[EventDate "2023.03.17"]
[EventType "swiss"]
[EventRounds "9"]
[EventCountry "USA"]
[SourceTitle "CBM 213 Extra"]
[Source "ChessBase"]
[SourceDate "2023.05.31"]
[SourceVersion "1"]
[SourceVersionDate "2023.05.31"]
[SourceQuality "1"]

1. e4 c5 2. Nf3 g6 3. d4 Bg7 4. Nc3 cxd4 5. Nxd4 Nc6 6. Be3 Nf6 7. Bc4 Qa5 8. 0-0 d6 9. h3 0-0 10. Bb3 Bd7 11. f4 Rac8 12. Nd5 Rfe8 13. Nxf6+ exf6 14. Nxc6 Bxc6 15. Qxd6 Rxe4 16. Qd2 Qxd2 17. Bxd2 f5 18. c3 Rd8 19. Rad1 Bb5 20. c4 Bc6 21. Bb4 Bd4+ 22. Kh2 Rde8 23. Rfe1 h5 24. Rxe4 Rxe4 25. Rd2 Rxf4 26. Bd6 Be3 27. Re2 Re4 28. Bd1 f4 29. Bb8 Rxc4 30. Rc2 Rxc2 31. Bxc2 Kg7 32. h4 f6 33. Bd1 a6 34. Bd6 Bd4 35. b4 Be5 36. Bc5 f3+ 37. g3 g5 38. Kh3 Bd7+ 39. Kh2 gxh4 40. Bxf3 hxg3+ 41. Kg1 Bc6 42. Bxh5 f5 43. Kf1 Kh6 0-1

[Event "Los Angeles 1000GM Spring op"]
[Site "Los Angeles"]
[Date "2023.03.17"]
[Round "1"]
[White "Mardov, Dimitar"]
[Black "Wongso, Steve"]
[Result "1/2-1/2"]
[WhiteElo "2445"]
[BlackElo "2046"]
[PlyCount "84"]
[EventDate "2023.03.17"]
[EventType "swiss"]
[EventRounds "9"]
[EventCountry "USA"]
[SourceTitle "CBM 213 Extra"]
[Source "ChessBase"]
[SourceDate "2023.05.31"]
[SourceVersion "1"]
[SourceVersionDate "2023.05.31"]
[SourceQuality "1"]

1. e4 e5 2. Nf3 Nc6 3. Bc4 Nf6 4. d3 Be7 5. 0-0 0-0 6. Re1 d6 7. a4 Na5 8. Ba2 c5 9. c3 Nc6 10. Nbd2 Be6 11. Nc4 h6 12. Bd2 a6 13. Ne3 Re8 14. Nd5 Bf8 15. Bc4 Rb8 16. a5 Bxd5 17. exd5 Nxa5 18. Ba2 b5 19. b4 Nb7 20. Be3 e4 21. dxe4 Nxe4 22. Rc1 a5 23. Bb1 axb4 24. cxb4 Nf6 25. h4 Qd7 26. Qc2 Qg4 27. Bd2 g6 28. bxc5 Nxc5 29. Rcd1 b4 30. Be3 b3 31. Qb2 Bg7 32. Bd4 Nh5 33. Bxg7 Nxg7 34. Qf6 Nh5 35. Qxd6 Nf4 36. g3 Qxf3 37. gxf4 Qg4+ 38. Kf1 Qh3+ 39. Kg1 Qg4+ 40. Kf1 Qh3+ 41. Kg1 Ra8 42. Re5 Rab8 1/2-1/2

[Event "Robert Byrne Memorial GM"]
[Site "Naperville"]
[Date "2023.01.22"]
[Round "9"]
[White "Mardov, Dimitar"]
[Black "Gauri, Shankar"]
[Result "0-1"]
[WhiteElo "2435"]
[BlackElo "2307"]
[PlyCount "98"]
[EventDate "2023.01.18"]
[EventType "tourn"]
[EventRounds "9"]
[EventCountry "USA"]
[EventCategory "7"]
[SourceTitle "CBM 212 Extra"]
[Source "ChessBase"]
[SourceDate "2023.03.31"]
[SourceVersion "1"]
[SourceVersionDate "2023.03.31"]
[SourceQuality "1"]

1. e4 c6 2. Nc3 d5 3. Nf3 dxe4 4. Nxe4 Nf6 5. Qe2 Na6 6. Nxf6+ gxf6 7. d3 Qd5 8. Nd2 Nc5 9. Ne4 Ne6 10. Be3 f5 11. Ng5 Bg7 12. c3 Nxg5 13. Bxg5 Be6 14. Qe3 Qa5 15. Qd2 h6 16. Be3 0-0-0 17. Be2 Bd5 18. 0-0 Rhg8 19. f3 Be5 20. d4 Bb8 21. Rf2 Qc7 22. f4 Rg6 23. Bd3 Be4 24. Qc2 Bxd3 25. Qxd3 Qd7 26. Re1 Bc7 27. a4 h5 28. b4 h4 29. c4 Kb8 30. b5 Bb6 31. Rd1 h3 32. g3 Re6 33. Rfd2 Re4 34. Bf2 Qe6 35. Qf1 Qf6 36. c5 Ba5 37. Rd3 Qe6 38. bxc6 Qxc6 39. d5 Qxa4 40. Ra1 Qb5 41. Qd1 a6 42. Rb1 Bb4 43. Rc1 Rc4 44. Rb1 a5 45. Qf1 Rc2 46. Qd1 Qc4 47. Bd4 Qa2 48. Ra1 Rg2+ 49. Kf1 Rg1+ 0-1

[Event "Robert Byrne Memorial GM"]
[Site "Naperville"]
[Date "2023.01.21"]
[Round "6"]
[White "Chen, Ryo"]
[Black "Mardov, Dimitar"]
[Result "1/2-1/2"]
[WhiteElo "2393"]
[BlackElo "2435"]
[PlyCount "42"]
[EventDate "2023.01.18"]
[EventType "tourn"]
[EventRounds "9"]
[EventCountry "USA"]
[EventCategory "7"]
[SourceTitle "CBM 212 Extra"]
[Source "ChessBase"]
[SourceDate "2023.03.31"]
[SourceVersion "1"]
[SourceVersionDate "2023.03.31"]
[SourceQuality "1"]

1. e4 e5 2. Nf3 Nc6 3. Bb5 a6 4. Ba4 Nf6 5. 0-0 Be7 6. d3 b5 7. Bb3 d6 8. a3 0-0 9. Nc3 Na5 10. Ba2 Be6 11. b4 Bxa2 12. Rxa2 Nc6 13. Bg5 Nd7 14. Bd2 Bf6 15. Nd5 Nd4 16. Nxd4 exd4 17. Qg4 Nb6 18. Nxb6 cxb6 19. Qf5 Qc8 20. Qxc8 Rfxc8 21. Rc1 Rc6 1/2-1/2

[Event "Robert Byrne Memorial GM"]
[Site "Naperville"]
[Date "2023.01.20"]
[Round "5"]
[White "Tugstumur, Yesuntumur"]
[Black "Mardov, Dimitar"]
[Result "0-1"]
[WhiteElo "2370"]
[BlackElo "2435"]
[PlyCount "110"]
[EventDate "2023.01.18"]
[EventType "tourn"]
[EventRounds "9"]
[EventCountry "USA"]
[EventCategory "7"]
[SourceTitle "CBM 212 Extra"]
[Source "ChessBase"]
[SourceDate "2023.03.31"]
[SourceVersion "1"]
[SourceVersionDate "2023.03.31"]
[SourceQuality "1"]

1. Nf3 d5 2. e3 Nf6 3. c4 e6 4. b3 Be7 5. Bb2 0-0 6. Be2 b6 7. 0-0 Bb7 8. d3 c5 9. Nbd2 Nc6 10. a3 Rc8 11. Re1 Bd6 12. cxd5 exd5 13. Nf1 Re8 14. Ng3 d4 15. e4 Ne5 16. Nf5 Nxf3+ 17. Bxf3 Be5 18. Qd2 g6 19. Nh6+ Kg7 20. g3 Ng8 21. Ng4 Bd6 22. h4 f5 23. Nh2 Qd7 24. Re2 Nf6 25. Rae1 fxe4 26. dxe4 Re5 27. Qd3 Rce8 28. Bc1 Qc8 29. b4 R5e7 30. Bg5 Be5 31. Rc2 h6 32. Bxf6+ Bxf6 33. bxc5 bxc5 34. Ng4 Bxe4 35. Rxe4 Rxe4 36. Bxe4 Qxg4 37. Bf3 Qh3 38. Be4 Re5 39. Rb2 Qe6 40. Bf3 Qf5 41. Be2 Qd7 42. Bf3 Re7 43. h5 Qf5 44. Qxf5 gxf5 45. Rc2 Re5 46. Kf1 d3 47. Rc3 d2 48. Rd3 Re1+ 49. Kg2 Bg5 50. Rd7+ Kf8 51. Rc7 Rc1 52. Be2 c4 53. f4 c3 54. fxg5 c2 55. g6 Rg1+ 0-1

[Event "Robert Byrne Memorial GM"]
[Site "Naperville"]
[Date "2023.01.19"]
[Round "2"]
[White "Mardov, Dimitar"]
[Black "Stearman, Josiah P"]
[Result "1/2-1/2"]
[WhiteElo "2435"]
[BlackElo "2360"]
[PlyCount "83"]
[EventDate "2023.01.18"]
[EventType "tourn"]
[EventRounds "9"]
[EventCountry "USA"]
[EventCategory "7"]
[SourceTitle "CBM 212 Extra"]
[Source "ChessBase"]
[SourceDate "2023.03.31"]
[SourceVersion "1"]
[SourceVersionDate "2023.03.31"]
[SourceQuality "1"]

1. d4 Nf6 2. Nf3 e6 3. c4 b6 4. g3 Ba6 5. Qa4 c6 6. Bf4 b5 7. cxb5 cxb5 8. Qd1 d5 9. Nbd2 Bd6 10. Rc1 0-0 11. e3 Qb6 12. Bd3 Bxf4 13. gxf4 b4 14. Ne5 Nbd7 15. Qa4 Nxe5 16. Bxa6 Ng6 17. Nf3 Ne4 18. Ke2 Rab8 19. h4 h5 20. Bd3 a5 21. Ng5 f5 22. Bxe4 fxe4 23. Rc6 Nxf4+ 24. exf4 Qxd4 25. Rd1 Qxb2+ 26. Rd2 Qf6 27. Nxe6 Qxh4 28. Qb3 Qg4+ 29. Kf1 a4 30. Qg3 Rf6 31. Qxg4 hxg4 32. Rxd5 b3 33. axb3 axb3 34. Rd1 b2 35. Rb1 Re8 36. Nd4 Rxf4 37. Rxb2 e3 38. Ne6 Rf6 39. Nd4 Rf4 40. Ne6 Rf6 41. Nd4 Rf4 42. Ne6 1/2-1/2